000 00641nam a2200193Ia 4500
005 20260114185738.0
008 008 260114s9999 xx 000 0 eng d
020 _a9781501358685
037 _aEBOOK
040 _aCRL
_beng
_cCRL
041 _aeng
_2eng
084 _qCRL
100 _aCatha Paquette, Karen Kleinfelder, and Christopher Miles
_9873887
245 0 _aIn and Out of View Art and the Dynamics of Circulation, Suppression, and Censorship
260 _bBloomsbury
_c2021
856 _uhttps://doi.org/10.5040/9781501358685?locatt=label:secondary_bloomsburyCollections
942 _cEBOOK
999 _c1472827
_d1472827